Marvel Cinematic Universe: Movie Directors - Statistics

General Stats
  • This quiz has been taken 53 times
  • The average score is 11 of 25
Answer Stats
Movie Name Director % Correct
Captain America: The Winter Soldier Anthony Russo
95%
Captain America: The Winter Soldier Joe Russo
95%
Iron Man Jon Favreau
83%
Guardians of the Galaxy James Gunn
81%
Thor: Ragnarok Taika Waititi
79%
The Avengers Joss Whedon
71%
Black Panther Ryan Coogler
60%
Doctor Strange in the Multiverse of Madness Sam Raimi
60%
Spider-Man: Homecoming Jon Watts
52%
Thor Kenneth Branagh
50%
Eternals Chloé Zhao
45%
Ant-Man Peyton Reed
43%
Deadpool & Wolverine Shawn Levy
40%
Captain America: The First Avenger Joe Johnston
36%
Iron Man 3 Shane Black
36%
Doctor Strange Scott Derrickson
31%
The Incredible Hulk Louis Leterrier
29%
Shang-Chi and the Legend of the Ten Rings Destin Daniel Cretton
24%
The Marvels Nia DaCosta
21%
Thor: The Dark World Alan Taylor
19%
Black Widow Cate Shortland
19%
Captain Marvel Anna Boden
17%
Captain Marvel Ryan Fleck
17%
Captain America: Brave New World Julius Onah
12%
Thunderbolts* Jake Schreier
10%
No matching quizzes found
Score Distribution
Percent of People with Each Score
Percentile by Number Answered
Your Score History
You have not taken this quiz